| 000 | 00635nam a2200181Ia 4500 | ||
|---|---|---|---|
| 008 | 230921s9999||||xx |||||||||||||| ||und|| | ||
| 020 | _a978-3-030-18775-0 | ||
| 022 | _a2212-6376 | ||
| 041 | _aEN | ||
| 100 | _aGeoffrey Moss, Rachel Wildfeuer, Keith McIntosh | ||
| 245 | 0 | _aContemporary Bohemia: A Case Study of an Artistic Community in Philadelphia | |
| 250 | _a1st ed. 2019 | ||
| 260 |
_c2019 _bSpringer International Publishing |
||
| 440 | _aSpringerBriefs in Sociology | ||
| 856 | _uhttps://doi.org/10.1007/978-3-030-18775-0 | ||
| 856 | _uhttps://link.springer.com/openurl?genre=book&isbn=978-3-030-18775-0 | ||
| 942 | _cEB | ||
| 999 |
_c259396 _d259396 |
||